| 000 | 00750nam a22002297a 4500 | ||
|---|---|---|---|
| 999 |
_c15395 _d15395 |
||
| 003 | MIRAKIL | ||
| 005 | 20240214154500.0 | ||
| 008 | 240214b tu ||||| |||| 00| 0 tur d | ||
| 040 |
_aTR-AnCHP _cTR-AnCHP |
||
| 041 | _aTürkçe | ||
| 082 |
_a324.72 _bC36a [201?] |
||
| 090 | _aCHP 324.72 C36a [201?] | ||
| 110 | _aCumhuriyet Halk Partisi (CHP) | ||
| 245 | 1 | 0 |
_aKemal Kılıçdaroğlu ile adım adım (2012) / _cCHP. |
| 260 |
_aAnkara : _bCHP ; _c[201?] |
||
| 300 |
_a484 s. : _brnkl. res. ; _c30 cm. |
||
| 500 | _aAlbüm şeklindedir. | ||
| 504 | _aDizin vardır. | ||
| 650 | 0 |
_9310 _aCHP _xProgram ve ziyaretler _y2012 _zTürkiye |
|
| 856 | _zDijital Nüshası için Partimizin Kütüphane Sorumlusu ile iletişime geçiniz. | ||
| 942 |
_2ddc _cBKS |
||